000
00324cam a2200133ua 4500
020
_a
9780074517154
082
_a
620.105
_b
KAZ/SO
100
_a
Kazimi, S M A .
245
_a
Solid mechanics /
250
_a
1 /
260
_a
New Delhi :
_b
Tata Mc-Graw Hill Publishing Company ,
_c
1992.
300
_a
450 ; .
942
_c
BK
999
_c
7410
_d
7410